| 000 | 00553nam a2200193Ia 4500 | ||
|---|---|---|---|
| 005 | 20250423100201.0 | ||
| 008 | 250422s9999 xx 000 0 und d | ||
| 020 | _a9781119191308 | ||
| 050 | _aRM 666.M513 .D33/ | ||
| 100 | _aDabrowiak, James C. | ||
| 245 | 0 | _aMetals in medicine | |
| 250 | _a2nd ed. | ||
| 260 | _aNew York | ||
| 260 | _bJohn Wiley and Son | ||
| 260 | _c2017 | ||
| 300 | _a452 p | ||
| 650 | _aMetals in medicine. Metals -- Therapeutic use. Metals -- therapeutic use. Metals -- diagnostic use. Nanomedicine. | ||
| 942 | _cBK | ||
| 999 |
_c32534 _d32534 |
||